| 000 | 00606nam a2200205 a 4500 | ||
|---|---|---|---|
| 005 | 20240924071100.0 | ||
| 008 | 031001s1998 es r 000 0 spa d | ||
| 020 | _a8420483699 | ||
| 035 | _aUPN01000129440 | ||
| 049 | _aCG | ||
| 050 | 4 |
_aPQ7383 C3.8 _bV5.3 |
|
| 100 | 1 |
_aCabrera Infante, Guillermo, _d1929-2005 _936198 |
|
| 245 | 1 | 0 |
_aVidas para leerlas / _cGuillermo Cabrera Infante. |
| 260 |
_aMadrid : _bAlfaguara, _cc1998. |
||
| 300 | _a294 p. | ||
| 440 | 0 | _aExtra Alfaguara | |
| 650 | 2 |
_aLiteratura cubana _96053 |
|
| 650 | 4 |
_aAUTORES - _vANECDOTAS, CHISTES, SATIRAS, ETC. _93827 |
|
| 905 | _aLibro | ||
| 999 |
_c101612 _d101612 |
||